01199cam6a220033702 4500001001200000008004100012035001900053035001800072100003200090245003300122260001000155949006500165949004500230949004500275949004500320949004500365949004500410949004500455949004500500949004500545949005900590004000600649591002400655591005300679591001700732591003100749591002900780900002400809909000900833999001900842zam00002537951128s1965 xx eng u a(Sirsi) r19890 a(MACHINE)SLC. aMacpherson, C. B.6A80984.114aThe real world of democracy. c1965. aJC433wlcci33729000121181mMAINp2500tSHORTLOANlSHORTLOAN aJC433wlcci-18082mMAINtBOOKlON-SHELF aJC433wlcci-18083mMAINtBOOKlON-SHELF aJC433wlcci-18085mMAINtBOOKlON-SHELFD aJC433wlcci-18086mMAINtBOOKlON-SHELFD aJC433wlcci-18087mMAINtBOOKlON-SHELFD aJC433wlcci-18088mMAINtBOOKlON-SHELFD aJC433wlcci-18089mMAINtBOOKlON-SHELFD aJC433wlcci-18090mMAINtBOOKlON-SHELFD aJC433wlcci33729000025754mMAINp2500tBOOKlON-SHELF19890 aClass code: PL 110. aCourse: Introduction to government and politics. aSchool: S05. aLecturer: Dr. LAWSON, L.A. aNumber of Students: 170. 2MAIN8JC4339MACc2 aBook c170140d170140